000 00474nam a2200181Ia 4500
008 090124s9999 xx 000 0 und d
082 _b123977
100 _aबाविस्कर भाऊ
245 _a पराभुत
250 _a1
260 _c1990
300 _a240
600 _aबाविस्कर भाऊ
630 _a पराभुत
700 _aबाविस्कर भाऊ
730 _a पराभुत
942 _cBOOK
999 _c170064
_d170064